| 000 | 00660cam a22002174a 4500 | ||
|---|---|---|---|
| 999 |
_c1399 _d1399 |
||
| 001 | 11797 | ||
| 003 | BD-DhUAP | ||
| 005 | 20200206120227.0 | ||
| 008 | 200206s2007 bg b 001 0 eng | ||
| 020 | _a9843000008338 | ||
| 040 |
_aDLC _cDLC _dBAKER _dUKM _dC#P _dYDXCP _dOCLCQ _dCOO _dIXA _dBTCTA _dBD-DhUAP _dDLC _bEng |
||
| 082 | 0 | 0 |
_a347.052 AHA _223 |
| 100 | 1 | _aAhamuduzzaman. | |
| 245 | 1 | 4 |
_aLegal profession and ethics trial and advocacy skills / _cAhamuduzzaman. |
| 260 |
_aDhaka : _bDhaka law book house, _cc2007. |
||
| 300 |
_axiv, 260 pages ; _c22 cm. |
||
| 650 | _a Trial practice. | ||
| 650 | _aPractice of law. | ||
| 650 | _aLawyers. | ||
| 942 |
_2ddc _cBK |
||